000 00721nam a2200265 i 4500
001 C2-0240941
003 PPAK
005 20180727203505.0
008 020729s2000 caua|||| ||||| | eng d
020 _a0201354748
040 _aPPAK
_beng
_cPPAK
_erda
082 0 4 _a005.72
_223
090 0 0 _a005.72
_bCAR
_dR
100 1 _aCarlson, Jeff.,
_eauthor
245 1 0 _aReal World Adobe GoLive 4
264 1 _aBekerley, California :
_bAdobe Press ,
_c2000
300 _axxxvi, 724 pages :
_billustrations ;
_c23 cm
336 _2rdacontent
_atext
337 _2rdamedia
_aunmediated
338 _2rdacarrier
_avolume
500 _aIncludes index
650 1 0 _aWeb sites - Design
700 _eauthor
942 _ddc
_cB
999 _c56092
_d56092